| 000 | 00395nam a22001577a 4500 | ||
|---|---|---|---|
| 003 | SGT | ||
| 020 | _a978-81-265-3537-8 | ||
| 082 | _a746.92,HAY | ||
| 100 | _aHAYES,STEVEN | ||
| 245 | _aCOOKLIN'S GARMENTS TECHNOLOGY FOR FASHION DESIGNERS | ||
| 260 |
_aDELHI _bNEW AGE INTERNATIONAL _c2012 |
||
| 300 | _a200 | ||
| 650 | _aGARMENT TECHNOLOGY | ||
| 653 | _aFASHION TECHNOLOGY | ||
| 942 |
_2ddc _cBK _02 |
||
| 999 |
_c9920 _d9920 |
||